Central Library OPAC University of Rajshahi

আজমীরের পথে / (Record no. 71013)

MARC details
000 -LEADER
fixed length control field 00834nam a2200229 a 4500
001 - CONTROL NUMBER
control field 71013
003 - CONTROL NUMBER IDENTIFIER
rucl marc code BD-RjUL
005 - DATE AND TIME OF LATEST TRANSACTION
control field 20211209082052.0
008 - FIXED-LENGTH DATA ELEMENTS--GENERAL INFORMATION
fixed length control field 170423r19881984bg |||| |||| 000 0 ben d
020 ## - INTERNATIONAL STANDARD BOOK NUMBER
Terms of availability : Tk. 18.00
035 ## - SYSTEM CONTROL NUMBER
System control number (BD-RjUL)71227
040 ## - CATALOGING SOURCE
Original cataloging agency BD-RjUL
Language of cataloging ben
Transcribing agency BD-RjUL
Modifying agency BD-RjUL
041 ## - LANGUAGE CODE
Language code of text/sound track or separate title ben
082 ## - DEWEY DECIMAL CLASSIFICATION NUMBER
Edition number 23
Classification number 915.4
Author mark and year HOA 1988
100 1# - MAIN ENTRY--PERSONAL NAME
Personal name হোসেন, আলী
9 (RLIN) 210112
245 10 - TITLE STATEMENT
Title আজমীরের পথে /
Statement of responsibility, etc. আলী হোসেন
260 ## - PUBLICATION, DISTRIBUTION, ETC. (IMPRINT)
Place of publication, distribution, etc. ঢাকা :
Name of publisher, distributor, etc. ইসলামী ফাউণেডশন বাংলাদেশ,
Date of publication, distribution, etc. ১৯৮৪ [পুনঃ মুদ্রণ ১৯৮৮]
300 ## - PHYSICAL DESCRIPTION
Pagination ১০৪ পৃ. ;
Size ২৭ সেমি.
650 ## - SUBJECT ADDED ENTRY--TOPICAL TERM
Topical term or geographic name as entry element ভ্রমণ
Geographic subdivision দক্ষিণ এশিয়া
9 (RLIN) 210113
Topical term or geographic name as entry element Travels
Geographic subdivision South Asia
9 (RLIN) 210114
942 ## - ADDED ENTRY ELEMENTS (KOHA)
Source of classification or shelving scheme Dewey Decimal Classification
Koha item type Books
Holdings
Lost status Source of classification or shelving scheme Damaged status Not for loan Collection code Permanent Location Current Location Shelving location Date acquired Source of acquisition Cost, normal purchase price Total Checkouts Full call number Date last seen Copy number Koha item type
  Dewey Decimal Classification   Not For Loan Non-fiction Central Library, University of Rajshahi Central Library, University of Rajshahi Reading Room 01/11/1993 Islamic foundation 0.00   B 915.4 HOA 1988 23/04/2017 C-1 Books